00997nam a22002055i 4500001000700000003000900007005001700016008004100033040001400074100003800088245016400126250022900290260007200519300003800591650003500629650002500664650002300689700003100712852004800743156080ES-MaACL20250831072559.0940202s1860 sp a |||| | spa d aCAM bspa1 aIriarte, Tomás de (d1750-1791)10aLecciones instructivas sobre la historia y la geografía / cobra póstuma de Tomás de Iriarte... adornada con nueve estampas históricas y geográficas. a5ª ed. aumentada con un tratado de moral y, religion ; lecciones de historia eclesiástica y la de España hasta 1860 ; reformada la geografia política ; y adornada con 9 grabs. en madera, por D. Alejandro Gomez Ranera. aMadrid : b[s.n.], c1860 (fImp. de Alejandro Gómez Fuentenebro) aVIII, 598 p., [1] map. ; c16 cm.07aHistoria eclesiástica2embne 4aEspaña-xHistoria. 7aGeografía2embne1 aGómez Ranera, Alejandro. aES-MaACLjD-3853 z-- Enc. pasta española